Dodržiavanie ľudských práv pri poskytovaní sociálnych služieb v zariadeniach sociálnych služieb (výber dokumentov)

Bibliographic Details
Format: Book
Language:Slovak
PhysicalDescription:62 s. 21 cm
Published: Bratislava Slovenské národné stredisko pre ľudské práva 2001
ISBN:8096726145
Subjects:

MARC

LEADER 00000nam a2200000 a 4500
001 vtls001430422
003 SK-MaSNL
005 20260302001851.0
008 240226s2001 xo r y slo
015 |a SNBI2002/03-01217 
020 |a 8096726145 
035 |a SNK000385449 
035 |a urn:nbn:sk:snk-amko0u 
035 |a urn:nbn:sk:snk-am003o0a 
035 |a 647CAB0E-0E98-4C3C-8D6E-538DB425EC27 
040 |a SNK  |b slo  |c SNK  |e AACR2 
041 0 |a slo 
044 |a xo  |c SK 
080 |a 362.1/.9:342.7(094.2)  |2 1981 
080 |a 342.7  |2 1981 
245 0 0 |a Dodržiavanie ľudských práv pri poskytovaní sociálnych služieb v zariadeniach sociálnych služieb  |b (výber dokumentov) 
260 |a Bratislava  |b Slovenské národné stredisko pre ľudské práva  |c 2001 
300 |a 62 s.  |c 21 cm 
500 |a Vydané pre Ministerstvo práce, sociálnych vecí a rodiny SR 
650 0 7 |a sociálna starostlivosť  |2 SNKPH  |9 3737 
650 0 7 |a ľudské práva  |2 SNKPH  |9 798 
650 0 7 |a občianske práva  |2 SNKPH  |9 2254 
650 0 7 |a základné práva a slobody  |2 SNKPH  |9 81533 
650 0 7 |a hospodárske, sociálne a kultúrne práva  |2 SNKPH  |9 114395 
650 0 7 |a práva detí  |2 SNKPH  |9 2258 
655 7 |a IDK  |2 SNK  |9 638446 
655 7 |a medzinárodné zmluvy  |2 SNKPH  |9 105568 
710 1 |a Slovensko.  |b Ministerstvo práce, sociálnych vecí a rodiny  |4 pbl  |9 131394 
919 |a 80-967261-4-5 
958 |a OND 
958 |a TL 
999 |c 985682  |d 987612 
952 |t P60, <03>, [BOOK], {603}  |a SNK  |b SNK  |y PREZ  |7 0  |p 17A0336692  |o snkSC 107468  |i snkKSP 2975/2002  |0 0  |1 0  |4 0  |d 2002-03-18  |f 1  |l 0  |r 2025-09-29 00:00:00  |w 2026-02-24 
952 |t P60, <04>, [BOOK], {604}  |a SNK  |b SNK  |y VYP  |7 0  |p 17A0336693  |o snkSC 107468 D1  |i snkKSP 2976/2002  |0 0  |1 0  |4 0  |d 2002-03-18  |l 0  |r 2005-01-02 00:00:00  |w 2026-02-24